000
003150000a22001450004500
003
MACL
040
_a
MACL
090
_c
4832
_d
4831
100
_a
Sharda Prasad, H Y
245
_a
Editors in Editing
260
_b
National Book Trust
_c
1993
350
_a
23
650
_a
News, Media, Journalism
942
_c
BOOK
_k
070
999
_c
4794
_d
4794